[Event "Stay Safe Play From Home 173"]
[Site "T#646330Emanuel Laske"]
[Date "2020.05.25"]
[Round "6"]
[White "Fischer_11"]
[Black "praveen prasad"]
[Result "0-1"]
[WhiteElo "1900"]
[BlackElo "2285"]
[Annotator "NA"]
[PlyCount "106"]
[EventDate "2020.05.25"]
[EventType "swiss (blitz)"]

1. e4 {[%emt 0:00:02]} d5 {[%emt 0:00:05]} 2. c3 {[%emt 0:00:01]} dxe4 {[%emt 0:00:01]} 3. d4 {[%emt 0:00:00]} Nf6 {[%emt 0:00:01]} 4. f3 {[%emt 0:00:01]} c6 {[%emt 0:00:01]} 5. Bd3 {[%emt 0:00:00]} exd3 {[%emt 0:00:01]} 6. Qxd3 {[%emt 0:00:00]} e5 {[%emt 0:00:01]} 7. Ne2 {[%emt 0:00:00]} exd4 {[%emt 0:00:01]} 8. cxd4 {[%emt 0:00:00]} Be7 {[%emt 0:00:00]} 9. O-O {[%emt 0:00:00]} O-O {[%emt 0:00:01]} 10. Nbc3 {[%emt 0:00:01]} Nbd7 {[%emt 0:00:02]} 11. Bg5 {[%emt 0:00:00]} h6 {[%emt 0:00:02]} 12. Bh4 {[%emt 0:00:01]} Nd5 {[%emt 0:00:02]} 13. Bg3 {[%emt 0:00:02]} Nxc3 {[%emt 0:00:01]} 14. bxc3 {[%emt 0:00:01]} Nf6 {[%emt 0:00:01]} 15. Nf4 {[%emt 0:00:02]} Bd6 {[%emt 0:00:01]} 16. Rfe1 {[%emt 0:00:01]} Nd5 {[%emt 0:00:01]} 17. Nxd5 {[%emt 0:00:03]} cxd5 {[%emt 0:00:00]} 18. Qb5 {[%emt 0:00:02]} Bxg3 {[%emt 0:00:01]} 19. hxg3 {[%emt 0:00:00]} Rb8 {[%emt 0:00:02]} 20. Qc5 {[%emt 0:00:03]} Be6 {[%emt 0:00:01]} 21. Qxa7 {[%emt 0:00:01]} Qc7 {[%emt 0:00:00]} 22. Rac1 {[%emt 0:00:04] Fischer_11 bietet Remis} Ra8 {[%emt 0:00:02]} 23. Qc5 {[%emt 0:00:01]} Qxc5 {[%emt 0:00:01]} 24. dxc5 {[%emt 0:00:00]} Rfc8 {[%emt 0:00:01]} 25. Rc2 {[%emt 0:00:02]} Rxc5 {[%emt 0:00:00]} 26. f4 {[%emt 0:00:01]} Rac8 {[%emt 0:00:01]} 27. Re3 {[%emt 0:00:02]} d4 {[%emt 0:00:02]} 28. Rd3 {[%emt 0:00:02]} Bf5 {[%emt 0:00:02]} 29. Rcd2 {[%emt 0:00:04]} Bxd3 {[%emt 0:00:01]} 30. Rxd3 {[%emt 0:00:00]} dxc3 {[%emt 0:00:01]} 31. Rd1 {[%emt 0:00:01]} c2 {[%emt 0:00:00]} 32. Rc1 {[%emt 0:00:00]} Rd5 {[%emt 0:00:00]} 33. Kf2 {[%emt 0:00:00]} Rd1 {[%emt 0:00:00]} 34. Rxc2 {[%emt 0:00:00]} Rxc2+ {[%emt 0:00:01]} 35. Kf3 {[%emt 0:00:00]} Rdd2 {[%emt 0:00:00]} 36. Kg4 {[%emt 0:00:00]} Rxg2 {[%emt 0:00:00]} 37. a4 {[%emt 0:00:00]} Rc3 {[%emt 0:00:01]} 38. a5 {[%emt 0:00:00]} Rgxg3+ {[%emt 0:00:00]} 39. Kf5 {[%emt 0:00:00]} g6+ {[%emt 0:00:00]} 40. Ke4 {[%emt 0:00:00]} Rc5 {[%emt 0:00:00]} 41. a6 {[%emt 0:00:00]} bxa6 {[%emt 0:00:01]} 42. f5 {[%emt 0:00:00]} Rxf5 {[%emt 0:00:01]} 43. Kd4 {[%emt 0:00:01]} Rg4+ {[%emt 0:00:00]} 44. Ke3 {[%emt 0:00:01]} h5 {[%emt 0:00:00]} 45. Ke2 {[%emt 0:00:00]} h4 {[%emt 0:00:00]} 46. Ke1 {[%emt 0:00:00]} h3 {[%emt 0:00:00]} 47. Ke2 {[%emt 0:00:00]} g5 {[%emt 0:00:00]} 48. Ke1 {[%emt 0:00:00]} Rff4 {[%emt 0:00:00]} 49. Ke2 {[%emt 0:00:00]} Rg3 {[%emt 0:00:00]} 50. Ke1 {[%emt 0:00:01]} g4 {[%emt 0:00:00]} 51. Ke2 {[%emt 0:00:00]} Rg2+ {[%emt 0:00:00]} 52. Ke1 {[%emt 0:00:00]} Rf3 {[%emt 0:00:01]} 53. Kd1 {[%emt 0:00:01]} Rf1# {[%emt 0:00:00] (Lag: Av=1.00s, max=4.9s)} 0-1

[Event "Stay Safe Play From Home 173"]
[Site "T#646330Emanuel Laske"]
[Date "2020.05.25"]
[Round "6"]
[White "Majstor-resa"]
[Black "Trotsky"]
[Result "1-0"]
[WhiteElo "1639"]
[BlackElo "1538"]
[Annotator "NA RC"]
[PlyCount "41"]
[EventDate "2020.05.25"]
[EventType "swiss (blitz)"]

1. d4 {[%emt 0:00:01]} d5 {[%emt 0:00:01]} 2. Nf3 {[%emt 0:00:00]} e6 {[%emt 0:00:00]} 3. Nc3 {[%emt 0:00:00]} c5 {[%emt 0:00:01]} 4. Bg5 {[%emt 0:00:00]} f6 {[%emt 0:00:01]} 5. Bh4 {[%emt 0:00:01]} c4 {[%emt 0:00:01]} 6. e4 {[%emt 0:00:01]} Nc6 {[%emt 0:00:01]} 7. exd5 {[%emt 0:00:01]} exd5 {[%emt 0:00:01]} 8. Be2 {[%emt 0:00:02]} g5 {[%emt 0:00:01]} 9. Bg3 {[%emt 0:00:01]} Bd6 {[%emt 0:00:05]} 10. Qd2 {[%emt 0:00:01]} Qc7 {[%emt 0:00:02]} 11. O-O-O {[%emt 0:00:01]} Bd7 {[%emt 0:00:01]} 12. Nxd5 {[%emt 0:00:01]} Qd8 {[%emt 0:00:07]} 13. Bxd6 {[%emt 0:00:02]} Be6 {[%emt 0:00:02]} 14. Nc7+ {[%emt 0:00:04]} Kf7 {[%emt 0:00:03]} 15. Nxa8 {[%emt 0:00:04]} Qxd6 {[%emt 0:00:02]} 16. d5 {[%emt 0:00:02]} Nd4 {[%emt 0:00:08]} 17. dxe6+ {[%emt 0:00:04]} Ke7 {[%emt 0:00:04]} 18. Nxd4 {[%emt 0:00:02]} Nh6 {[%emt 0:00:03]} 19. Bxc4 {[%emt 0:00:03]} Rxa8 {[%emt 0:00:05]} 20. h4 {[%emt 0:00:01]} Nf5 {[%emt 0:00:03]} 21. Nxf5+ {[%emt 0:00:02] Trotsky Ñäàåòñÿ (Lag: Av=0.27s, max=0.5s)} 1-0

[Event "Stay Safe Play From Home 173"]
[Site "T#646330Emanuel Laske"]
[Date "2020.05.25"]
[Round "6"]
[White "DoRuKMaNN"]
[Black "Aktürk"]
[Result "1-0"]
[WhiteElo "1600"]
[BlackElo "1454"]
[Annotator "NA RC"]
[PlyCount "103"]
[EventDate "2020.05.25"]
[EventType "swiss (blitz)"]

1. d4 {[%emt 0:00:01]} e6 {[%emt 0:00:00]} 2. c4 {[%emt 0:00:02]} Qf6 {[%emt 0:00:01]} 3. Nf3 {[%emt 0:00:02]} Bb4+ {[%emt 0:00:01]} 4. Bd2 {[%emt 0:00:01]} Bxd2+ {[%emt 0:00:01]} 5. Nbxd2 {[%emt 0:00:01]} Nc6 {[%emt 0:00:00]} 6. e3 {[%emt 0:00:02]} Qg6 {[%emt 0:00:01]} 7. a3 {[%emt 0:00:03]} Nge7 {[%emt 0:00:02]} 8. Rc1 {[%emt 0:00:01]} h5 {[%emt 0:00:02]} 9. Qc2 {[%emt 0:00:00]} h4 {[%emt 0:00:02]} 10. Qxg6 {[%emt 0:00:01]} Nxg6 {[%emt 0:00:02]} 11. Bd3 {[%emt 0:00:00]} Nce7 {[%emt 0:00:02]} 12. O-O {[%emt 0:00:02]} h3 {[%emt 0:00:03]} 13. g3 {[%emt 0:00:01]} b6 {[%emt 0:00:01]} 14. Be4 {[%emt 0:00:01]} Rb8 {[%emt 0:00:02]} 15. Ne1 {[%emt 0:00:02]} Bb7 {[%emt 0:00:01]} 16. Bxb7 {[%emt 0:00:01]} Rxb7 {[%emt 0:00:01]} 17. e4 {[%emt 0:00:02]} Nf8 {[%emt 0:00:03]} 18. f4 {[%emt 0:00:01]} Nh7 {[%emt 0:00:01]} 19. Nef3 {[%emt 0:00:01]} Ng6 {[%emt 0:00:01]} 20. d5 {[%emt 0:00:03]} Ne7 {[%emt 0:00:01]} 21. Rfe1 {[%emt 0:00:02]} exd5 {[%emt 0:00:03]} 22. cxd5 {[%emt 0:00:01]} O-O {[%emt 0:00:01]} 23. Rcd1 {[%emt 0:00:02]} d6 {[%emt 0:00:02]} 24. Nc4 {[%emt 0:00:01]} a6 {[%emt 0:00:02]} 25. e5 {[%emt 0:00:01]} Ng6 {[%emt 0:00:03]} 26. exd6 {[%emt 0:00:03]} cxd6 {[%emt 0:00:01]} 27. Nxd6 {[%emt 0:00:00]} Rd7 {[%emt 0:00:01]} 28. Ne4 {[%emt 0:00:01]} Rdd8 {[%emt 0:00:02]} 29. Ne5 {[%emt 0:00:01]} Nf6 {[%emt 0:00:01]} 30. Nxf6+ {[%emt 0:00:01]} gxf6 {[%emt 0:00:01]} 31. Nxg6 {[%emt 0:00:00]} fxg6 {[%emt 0:00:00]} 32. Re6 {[%emt 0:00:02]} Kg7 {[%emt 0:00:01]} 33. d6 {[%emt 0:00:01]} Rf7 {[%emt 0:00:01]} 34. Kf2 {[%emt 0:00:04]} b5 {[%emt 0:00:01]} 35. Re7 {[%emt 0:00:00]} Rxd6 {[%emt 0:00:03]} 36. Rxd6 {[%emt 0:00:01]} Rxe7 {[%emt 0:00:01]} 37. Rxa6 {[%emt 0:00:00]} Kf7 {[%emt 0:00:02]} 38. Rb6 {[%emt 0:00:00]} b4 {[%emt 0:00:00]} 39. Rb5 {[%emt 0:00:00]} f5 {[%emt 0:00:01]} 40. Rxb4 {[%emt 0:00:01]} Kf6 {[%emt 0:00:01]} 41. Rb3 {[%emt 0:00:00]} Re6 {[%emt 0:00:01]} 42. Re3 {[%emt 0:00:00]} g5 {[%emt 0:00:01]} 43. Rxe6+ {[%emt 0:00:01]} Kxe6 {[%emt 0:00:01]} 44. Ke3 {[%emt 0:00:00]} Kf6 {[%emt 0:00:01]} 45. b4 {[%emt 0:00:00]} gxf4+ {[%emt 0:00:01]} 46. Kxf4 {[%emt 0:00:02]} Ke6 {[%emt 0:00:00]} 47. b5 {[%emt 0:00:00]} Kf6 {[%emt 0:00:01]} 48. b6 {[%emt 0:00:00]} Ke7 {[%emt 0:00:01]} 49. b7 {[%emt 0:00:00]} Kd8 {[%emt 0:00:00]} 50. b8=Q+ {[%emt 0:00:00]} Kd7 {[%emt 0:00:02]} 51. Qb7+ {[%emt 0:00:01]} Ke6 {[%emt 0:00:00]} 52. Qc6+ {[%emt 0:00:00] Zaman (Lag: Av=0.56s, max=5.1s)} 1-0

[Event "Stay Safe Play From Home 173"]
[Site "T#646330Emanuel Laske"]
[Date "2020.05.25"]
[Round "7"]
[White "praveen prasad"]
[Black "Mepe_Nika"]
[Result "1-0"]
[WhiteElo "2289"]
[BlackElo "2264"]
[PlyCount "51"]
[EventDate "2020.05.25"]
[EventType "swiss (blitz)"]

1. e4 {[%emt 0:00:01]} e5 {[%emt 0:00:01]} 2. Nf3 {[%emt 0:00:01]} Nc6 {[%emt 0:00:00]} 3. Nc3 {[%emt 0:00:00]} Nf6 {[%emt 0:00:01]} 4. Bb5 {[%emt 0:00:02]} Bc5 {[%emt 0:00:01]} 5. Nxe5 {[%emt 0:00:01]} Nxe5 {[%emt 0:00:00]} 6. d4 {[%emt 0:00:01]} Bd6 {[%emt 0:00:01]} 7. f4 {[%emt 0:00:01]} Ng6 {[%emt 0:00:03]} 8. e5 {[%emt 0:00:01]} O-O {[%emt 0:00:02]} 9. O-O {[%emt 0:00:01]} Bb4 {[%emt 0:00:02]} 10. exf6 {[%emt 0:00:01]} Bxc3 {[%emt 0:00:01]} 11. fxg7 {[%emt 0:00:02]} Kxg7 {[%emt 0:00:01]} 12. bxc3 {[%emt 0:00:01]} d5 {[%emt 0:00:01]} 13. f5 {[%emt 0:00:01]} Nh4 {[%emt 0:00:05]} 14. Qg4+ {[%emt 0:00:03]} Kh8 {[%emt 0:00:01]} 15. Bg5 {[%emt 0:00:01]} Rg8 {[%emt 0:00:03]} 16. Bxh4 {[%emt 0:00:08]} Qd6 {[%emt 0:00:05]} 17. Qf4 {[%emt 0:00:03]} a6 {[%emt 0:00:08]} 18. Qxd6 {[%emt 0:00:04]} cxd6 {[%emt 0:00:00]} 19. Bf6+ {[%emt 0:00:02]} Rg7 {[%emt 0:00:01]} 20. Rae1 {[%emt 0:00:01]} Bxf5 {[%emt 0:00:03]} 21. Rxf5 {[%emt 0:00:03]} axb5 {[%emt 0:00:00]} 22. Rg5 {[%emt 0:00:01]} h5 {[%emt 0:00:00]} 23. Rxg7 {[%emt 0:00:01]} b4 {[%emt 0:00:01]} 24. cxb4 {[%emt 0:00:01]} b5 {[%emt 0:00:01]} 25. Re3 {[%emt 0:00:01]} h4 {[%emt 0:00:01]} 26. Rh3 {[%emt 0:00:01] Mepe_Nika resigns (Lag: Av=0.70s, max=1.2s)} 1-0

[Event "Stay Safe Play From Home 173"]
[Site "T#646330Emanuel Laske"]
[Date "2020.05.25"]
[Round "7"]
[White "SoulofWolf"]
[Black "Lazieri3"]
[Result "1/2-1/2"]
[WhiteElo "2227"]
[BlackElo "2105"]
[Annotator "TA"]
[PlyCount "125"]
[EventDate "2020.05.25"]
[EventType "swiss (blitz)"]

{[%evp 9,125,64,83,42,62,21,31,0,1,0,27,21,31,27,38,38,54,23,56,24,33,0,0,0,100,0,45,-37,32,16,20,21,13,9,4,-4,0,0,0,0,0,0,0,-12,0,0,0,-18,0,0,0,0,0,0,5,-30,-47,-82,0,-167,-162,-189,-189,-339,-329,-329,-325,-1329,-1355,-2245,-2247,-2147,-2097,-29975,-29976,-29977,-29978,-29981,-29975,-29982,-29979,-29981,-29982,-29986,-29987,-29987,-29988,-29988,-29989,-29989,-29990,-29989,-29989,-29989,-29990,-29990,-29985,-29985,-29984,-29990,-29987,-29987,-29988,-29988,-29989,-29989,-29990,-29990,-29990,-29992,-29993,-29994,-29995,-29995,-29994,-29996,-29997,-29997]} 1. d4 c6 2. Nf3 d5 3. e4 Nf6 4. exd5 Nxd5 5. c4 Nf6 6. Bg5 {[#] B01: Scandinavian Defence.} Bf5 $146 ({Predecessor:} 6... g6 7. Nc3 Bg7 8. Be2 O-O 9. O-O Bf5 10. Qd2 Qc7 11. Bf4 Qb6 12. Rad1 Nbd7 {0-1 (46) Morantes Maldonado,B (1940)-Cruz Tafur,W (1600) Tunja 2018}) 7. Nbd2 e6 8. Be2 {White is slightly better.} Be7 9. O-O Ne4 10. Bf4 Nxd2 11. Qxd2 O-O 12. Rad1 Nd7 {[%cal Bb8d7,Bd7f6,Bf6e4][%mdl 32]} 13. b3 h6 14. h3 Nf6 15. Rfe1 Ne4 16. Qe3 Bd6 (16... Bb4 $11) 17. Ne5 (17. Bd3 $16 Bxf4 18. Qxf4) 17... Nf6 18. f3 (18. Bd3 $14) 18... Bc7 ({Black should play} 18... Bb4 $15) 19. Bd3 Bxd3 20. Qxd3 (20. Rxd3 {with more complications.} Nd7 21. Ng4 Re8 22. Bxc7 Qxc7 23. f4) 20... Nd7 21. Qe3 Nxe5 22. dxe5 Qe7 {[#] Threatens to win with ...Bb6.} 23. Qf2 Bb6 24. Be3 Bxe3 25. Qxe3 Rfd8 26. f4 c5 27. Kf2 b6 28. Kf3 Rxd1 29. Rxd1 $11 {[%mdl 4096] Endgame KQR-KQR} Rd8 30. Rd3 Kf8 31. Qd2 Ke8 (31... Rxd3+ {looks sharper.} 32. Qxd3 g6 33. Kg4 Ke8 34. Qd1 Qb7) 32. Rd6 Rxd6 33. exd6 {KQ-KQ} Qf6 (33... Qb7+ $17 34. Kg3 Kd7) 34. g4 $2 {Black continues to play with concentration.} (34. d7+ $11 {and White stays safe.} Kd8 35. Qd6) 34... Kd7 $19 35. Qd3 g5 36. f5 (36. Qe3 {was worth a try.}) 36... exf5 37. gxf5 {intending Qd5.} Qxd6 38. Qe4 $2 (38. Qe3 Qh2 39. Kg4) 38... Qc6 39. a3 Qxe4+ 40. Kxe4 {KP-KP} Kd6 41. b4 cxb4 {Black mates.} 42. axb4 f6 43. Kd4 h5 44. Ke4 Kc6 45. Kd4 a5 46. bxa5 bxa5 47. Kc3 Kc5 48. Kd3 a4 49. Kc3 a3 50. Kb3 {[#]} a2 $1 {[%mdl 512]} 51. Kxa2 Kxc4 {K3P-KPP} 52. Kb2 Kd5 53. Kc2 Ke5 54. h4 Kxf5 55. hxg5 fxg5 {KP-KP} 56. Kd2 g4 57. Ke1 Kf4 58. Kf1 g3 59. Kg1 Kf3 60. Kh1 g2+ 61. Kg1 h4 62. Kh2 Kf2 63. Kh3 {[%mdl 32768] Accuracy: White = 57%, Black = 87%. . An unexpected result.} 1/2-1/2

[Event "Stay Safe Play From Home 173"]
[Site "T#646330Emanuel Laske"]
[Date "2020.05.25"]
[Round "7"]
[White "Haxhi Baha"]
[Black "Weltszmerc"]
[Result "0-1"]
[WhiteElo "2003"]
[BlackElo "2038"]
[Annotator "TA"]
[PlyCount "92"]
[EventDate "2020.05.25"]
[EventType "swiss (blitz)"]

{[%evp 13,92,10,12,13,15,-20,-8,-24,17,-22,-20,-28,0,-26,0,0,37,-2,-9,-20,0,0,7,0,0,0,0,-23,-16,-18,-16,-16,-17,-29,-20,-27,-19,-31,-16,-25,0,0,0,-8,-8,-14,35,-48,-2,-24,2,0,184,0,0,0,0,-600,-581,-550,-476,-1241,-1250,-1600,-1555,-2233,-2076,-2587,-2534,-1971,-1995,-29957,-5181,-5622,-5617,-29986,-29987,-29989,-29989,-29989,-29990]} 1. e4 Nf6 2. Nc3 d5 3. exd5 Nxd5 4. Qf3 c6 5. Bc4 e6 6. Nge2 Nd7 7. d4 Be7 8. Bd2 {B02: Alekhine's Defence: Chase Variation and lines with early Nc3.} O-O {[#]} 9. O-O-O $146 ({Predecessor:} 9. h4 N7f6 10. h5 Nxc3 11. Nxc3 h6 12. O-O-O Nd5 13. Ne4 b5 14. Bd3 Nb4 15. Kb1 Nxd3 16. Qxd3 {0-1 (47) Chrz,P (2030)-Kalousek,V (2051) Pardubice 2017}) 9... Nxc3 10. Bxc3 {The position is equal.} a6 11. h4 b5 12. Bd3 ({Don't go for} 12. Qxc6 $2 Rb8 $19) 12... Bb7 13. g4 Qc7 14. g5 $1 c5 15. Be4 (15. d5 $5 exd5 16. Ba5 $17) 15... Bxe4 16. Qxe4 b4 17. Bd2 Nb6 18. dxc5 Qxc5 19. Be3 Qc4 20. Qxc4 Nxc4 21. Bd4 Rac8 22. b3 Nd6 23. Kb1 Nb5 {Black wants to play ...f6.} 24. Bb2 Rfd8 25. f4 Rxd1+ (25... h5 {looks sharper.} 26. Rxd8+ Rxd8 27. Ng3 g6 28. Ne4 Nd4) 26. Rxd1 Rd8 27. Rxd8+ Bxd8 28. Nd4 Nxd4 29. Bxd4 $11 {[%mdl 4096] Endgame KB-KB} Bc7 30. Be3 (30. Be5 $14 Bxe5 31. fxe5) 30... g6 31. Kc1 a5 32. Kd2 e5 $2 (32... f5 $11) 33. Kd3 $2 (33. fxe5 $18 {Strongly threatening Kd3.} Kf8 34. Kd3) 33... exf4 34. Bf2 {[#]} f6 $1 {[%mdl 512]} 35. Kc4 $2 {[%mdl 8192]} (35. gxf6 $11 Kf7 36. Bd4) 35... fxg5 $19 36. hxg5 Bd8 37. Kb5 (37. c3 $142 bxc3 38. Kxc3) 37... Kf7 38. Bh4 Ke6 39. Kc6 f3 40. Kc5 {[#]} Bxg5 $1 {[%mdl 512]} 41. Bf2 (41. Bxg5 f2) 41... Bd8 42. Kc6 h5 43. Kc5 g5 44. Kb5 g4 {Black mates.} 45. a4 bxa3 {[%cal Bb4a3,Ba3a2][%mdl 32]} 46. b4 a2 {Accuracy: White = 47%, Black = 72%.} 0-1

[Event "Stay Safe Play From Home 173"]
[Site "T#646330Emanuel Laske"]
[Date "2020.05.25"]
[Round "7"]
[White "Don59as"]
[Black "Rogan"]
[Result "1-0"]
[WhiteElo "1987"]
[BlackElo "2251"]
[Annotator "NA"]
[PlyCount "61"]
[EventDate "2020.05.25"]
[EventType "swiss (blitz)"]

1. c4 {[%emt 0:00:02]} c6 {[%emt 0:00:01]} 2. e4 {[%emt 0:00:02]} d5 {[%emt 0:00:00]} 3. cxd5 {[%emt 0:00:00]} cxd5 {[%emt 0:00:00]} 4. e5 {[%emt 0:00:00]} Bf5 {[%emt 0:00:02]} 5. Nf3 {[%emt 0:00:00]} e6 {[%emt 0:00:00]} 6. d4 {[%emt 0:00:01]} Nc6 {[%emt 0:00:00]} 7. Nc3 {[%emt 0:00:01]} Qb6 {[%emt 0:00:00]} 8. Bb5 {[%emt 0:00:03]} Bg4 {[%emt 0:00:01]} 9. Bxc6+ {[%emt 0:00:01]} bxc6 {[%emt 0:00:01]} 10. O-O {[%emt 0:00:02]} Bb4 {[%emt 0:00:00]} 11. Be3 {[%emt 0:00:02]} Ne7 {[%emt 0:00:01]} 12. Rc1 {[%emt 0:00:03]} Nf5 {[%emt 0:00:01]} 13. h3 {[%emt 0:00:01]} Bh5 {[%emt 0:00:01]} 14. g4 {[%emt 0:00:02]} Nxe3 {[%emt 0:00:00]} 15. fxe3 {[%emt 0:00:01]} Bg6 {[%emt 0:00:00]} 16. Nh4 {[%emt 0:00:02]} Qd8 {[%emt 0:00:04]} 17. Nxg6 {[%emt 0:00:01]} hxg6 {[%emt 0:00:00]} 18. Kg2 {[%emt 0:00:01]} Qh4 {[%emt 0:00:01]} 19. Qf3 {[%emt 0:00:01]} O-O {[%emt 0:00:03]} 20. Na4 {[%emt 0:00:01]} Rac8 {[%emt 0:00:02]} 21. Nc5 {[%emt 0:00:03]} Bxc5 {[%emt 0:00:00]} 22. Rxc5 {[%emt 0:00:02]} Rc7 {[%emt 0:00:00]} 23. b3 {[%emt 0:00:01]} Rb8 {[%emt 0:00:00]} 24. Rfc1 {[%emt 0:00:01]} Rb6 {[%emt 0:00:02]} 25. e4 {[%emt 0:00:02]} Qg5 {[%emt 0:00:06]} 26. exd5 {[%emt 0:00:02]} exd5 {[%emt 0:00:00]} 27. R1c2 {[%emt 0:00:03]} Rb4 {[%emt 0:00:03]} 28. Rxd5 {[%emt 0:00:01]} cxd5 {[%emt 0:00:02]} 29. Rxc7 {[%emt 0:00:01]} Rxd4 {[%emt 0:00:01]} 30. Qxf7+ {[%emt 0:00:02]} Kh7 {[%emt 0:00:01]} 31. Qxg7# {[%emt 0:00:01] (Lag: Av=0.44s, max=0.9s)} 1-0

[Event "Stay Safe Play From Home 173"]
[Site "T#646330Emanuel Laske"]
[Date "2020.05.25"]
[Round "7"]
[White "The Next Contender"]
[Black "Lucknow"]
[Result "1-0"]
[WhiteElo "1927"]
[BlackElo "1894"]
[Annotator "TA"]
[PlyCount "81"]
[EventDate "2020.05.25"]
[EventType "swiss (blitz)"]

{[%evp 9,80,-12,5,-5,8,1,56,15,46,0,0,-10,0,-16,12,-32,49,40,61,18,18,11,17,28,28,25,16,16,22,8,38,25,43,43,51,18,31,19,49,51,45,0,52,0,27,15,210,25,50,0,16,0,197,191,164,138,205,163,189,0,210,197,207,200,302,224,29983,29984,29992,29987,29998,29990,29999]} 1. d4 d5 2. c4 c6 3. Nf3 e6 4. e3 Nf6 5. g3 Bd6 6. Bg2 {D30: Queen's Gambit Declined: Systems without Nc3.} Nbd7 7. O-O {[#]} Qe7 $146 (7... O-O $11) ({Predecessor:} 7... O-O 8. Nc3 dxc4 9. Nd2 e5 10. Nxc4 exd4 11. Nxd6 dxc3 12. bxc3 Ne8 13. Nxc8 Qxc8 {1-0 (33) Timurova,L (2192)-Ertel,S (2115) Kazan 2001}) 8. Nc3 {White is slightly better.} O-O 9. c5 Bc7 10. b4 e5 11. a4 {[%cal Ba2a4,Ba4b5,Bb5b6][%mdl 32]} a6 12. Qb3 exd4 (12... e4 $15 13. Nd2 b6) 13. exd4 $14 ({But not} 13. Nxd4 a5 $15) 13... Ne4 14. Be3 Ndf6 15. b5 axb5 16. axb5 Bg4 17. b6 Rxa1 18. Rxa1 Bb8 19. Nxe4 (19. Nd2 {looks sharper.} Nxc3 20. Qxc3 Re8 21. Re1 h5 22. f3) 19... Nxe4 (19... dxe4 {keeps more tension.} 20. Nd2 h6 21. Ra8 Bf5 22. Nc4 Be6) 20. Nd2 Nxd2 21. Bxd2 Re8 22. Be3 Bf5 23. Qa3 Be4 24. Bxe4 Qxe4 25. Qa8 Qe7 (25... h5 $1 $11) 26. Qa3 (26. Bd2 $14 Qd7 27. Re1) 26... h6 27. Qd3 g6 $2 {[#]} (27... Qd7 $11 {and Black is okay.}) 28. Re1 $2 (28. Bxh6 $18 {And now Kg2 would win.} Kh7 29. Bd2) 28... Qf6 29. Ra1 Kg7 30. Qd2 Qf5 $2 (30... g5 $11) 31. Bxh6+ $18 Kh7 32. Be3 $36 {[%mdl 2048] White has strong initiative.} Qf3 (32... f6 $16 33. Qe2 Qh3) 33. Ra3 Qe4 34. Ra1 Qf3 $1 35. Re1 Qf5 36. Qc3 Qf6 (36... g5 $142 37. Bc1 Rxe1+ 38. Qxe1 g4) 37. Bd2 Kg7 $2 {[#]} (37... Rxe1+ $18 38. Bxe1 Qe6) 38. Rxe8 {White mates.} Bxg3 39. Qe3 {[%csl Gd2][%cal Re3h6]} Qf5 40. hxg3 Qf6 41. Qh6# {Accuracy: White = 58%, Black = 41%.} 1-0

[Event "Stay Safe Play From Home 173"]
[Site "T#646330Emanuel Laske"]
[Date "2020.05.25"]
[Round "7"]
[White "SecantFX"]
[Black "Lamborghini"]
[Result "0-1"]
[WhiteElo "1891"]
[BlackElo "2177"]
[PlyCount "94"]
[EventDate "2020.05.25"]
[EventType "swiss (blitz)"]

1. g3 {[%emt 0:00:02]} g6 {[%emt 0:00:01]} 2. Bg2 {[%emt 0:00:00]} Bg7 {[%emt 0:00:00]} 3. f4 {[%emt 0:00:00]} Nf6 {[%emt 0:00:01]} 4. c3 {[%emt 0:00:00]} O-O {[%emt 0:00:00]} 5. d4 {[%emt 0:00:00]} d6 {[%emt 0:00:01]} 6. Nd2 {[%emt 0:00:00]} e5 {[%emt 0:00:01]} 7. fxe5 {[%emt 0:00:01]} dxe5 {[%emt 0:00:01]} 8. e3 {[%emt 0:00:02]} Ng4 {[%emt 0:00:02]} 9. Ndf3 {[%emt 0:00:02]} exd4 {[%emt 0:00:01]} 10. Nxd4 {[%emt 0:00:01]} Re8 {[%emt 0:00:01]} 11. h3 {[%emt 0:00:01]} Nxe3 {[%emt 0:00:01]} 12. Bxe3 {[%emt 0:00:01]} Rxe3+ {[%emt 0:00:00]} 13. Kd2 {[%emt 0:00:00]} Re8 {[%emt 0:00:02]} 14. Ngf3 {[%emt 0:00:02]} c5 {[%emt 0:00:01]} 15. Qb3 {[%emt 0:00:02]} cxd4 {[%emt 0:00:01]} 16. cxd4 {[%emt 0:00:00]} Nc6 {[%emt 0:00:01]} 17. d5 {[%emt 0:00:02]} Be6 {[%emt 0:00:02]} 18. Nh4 {[%emt 0:00:06]} Ne7 {[%emt 0:00:02]} 19. Rad1 {[%emt 0:00:03]} Bxd5 {[%emt 0:00:02]} 20. Bxd5 {[%emt 0:00:01]} Qxd5+ {[%emt 0:00:01]} 21. Qxd5 {[%emt 0:00:01]} Nxd5 {[%emt 0:00:00]} 22. Kc2 {[%emt 0:00:01]} Ne3+ {[%emt 0:00:01]} 23. Kb3 {[%emt 0:00:01]} Nxd1 {[%emt 0:00:00]} 24. Rxd1 {[%emt 0:00:01]} Rad8 {[%emt 0:00:00]} 25. Rc1 {[%emt 0:00:01]} Bf6 {[%emt 0:00:01]} 26. Nf3 {[%emt 0:00:01]} Re3+ {[%emt 0:00:01]} 27. Rc3 {[%emt 0:00:03]} Bxc3 {[%emt 0:00:01]} 28. bxc3 {[%emt 0:00:00]} Rxf3 {[%emt 0:00:01]} 29. Kc4 {[%emt 0:00:01]} Rc8+ {[%emt 0:00:00]} 30. Kd5 {[%emt 0:00:01]} Rcxc3 {[%emt 0:00:00]} 31. Ke4 {[%emt 0:00:00]} Rfd3 {[%emt 0:00:01]} 32. g4 {[%emt 0:00:00]} g5 {[%emt 0:00:01]} 33. Kf5 {[%emt 0:00:01]} h6 {[%emt 0:00:02]} 34. h4 {[%emt 0:00:01]} gxh4 {[%emt 0:00:02]} 35. g5 {[%emt 0:00:02]} hxg5 {[%emt 0:00:01]} 36. Kxg5 {[%emt 0:00:01]} h3 {[%emt 0:00:01]} 37. Kf6 {[%emt 0:00:00]} Rd5 {[%emt 0:00:01]} 38. Ke7 {[%emt 0:00:00]} Rc6 {[%emt 0:00:02]} 39. a3 {[%emt 0:00:00]} f5 {[%emt 0:00:01]} 40. a4 {[%emt 0:00:00]} Re5+ {[%emt 0:00:01]} 41. Kd7 {[%emt 0:00:02]} Kf7 {[%emt 0:00:01]} 42. a5 {[%emt 0:00:00]} Re7+ {[%emt 0:00:01]} 43. Kd8 {[%emt 0:00:02]} Rh6 {[%emt 0:00:00]} 44. a6 {[%emt 0:00:01]} b5 {[%emt 0:00:02]} 45. Kc8 {[%emt 0:00:02]} b4 {[%emt 0:00:01]} 46. Kb8 {[%emt 0:00:01]} b3 {[%emt 0:00:01]} 47. Ka8 {[%emt 0:00:00]} Rh8# {[%emt 0:00:01] (Lag: Av=0.42s, max=1.0s)} 0-1